Система дозирования жидкостей; Физико-технические проблемы в науке, промышленности и медицине

Xehetasun bibliografikoak
Parent link:Физико-технические проблемы в науке, промышленности и медицине.— 2016.— [С. 253-254]
Egile nagusia: Полосин А. А. Антон Алексеевич
Erakunde egilea: Национальный исследовательский Томский политехнический университет
Beste egile batzuk: Локтюшин П. П., Ливенцов С. Н. Сергей Николаевич
Gaia:Заглавие с экрана
Hizkuntza:errusiera
Argitaratua: 2016
Saila:Информационные технологии, автоматизация и системы управления
Gaiak:
Sarrera elektronikoa:http://earchive.tpu.ru/handle/11683/31166
Formatua: MixedMaterials Baliabide elektronikoa Liburu kapitulua
KOHA link:https://koha.lib.tpu.ru/cgi-bin/koha/opac-detail.pl?biblionumber=619335

MARC

LEADER 00000naa2a2200000 4500
001 619335
005 20260307162605.0
035 |a (RuTPU)RU\TPU\conf\17752 
035 |a RU\TPU\conf\17744 
090 |a 619335 
100 |a 20160818d2016 k y0rusy50 ca 
101 0 |a rus 
102 |a RU 
105 |a y z 101zy 
135 |a drcn ---uucaa 
181 0 |a i  
182 0 |a b 
200 1 |a Система дозирования жидкостей  |f А. А. Полосин, П. П. Локтюшин, С. Н. Ливенцов 
203 |a Текст  |c электронный 
225 1 |a Информационные технологии, автоматизация и системы управления 
300 |a Заглавие с экрана 
320 |a [Библиогр.: с. 254 (1 назв.)] 
463 0 |0 (RuTPU)RU\TPU\conf\17455  |t Физико-технические проблемы в науке, промышленности и медицине  |o сборник тезисов докладов VIII Международной научно-практической конференции, г. Томск, 1-3 июня 2016 г.  |f Национальный исследовательский Томский политехнический университет (ТПУ) ; под ред. О. Ю. Долматова [и др.]  |v [С. 253-254]  |d 2016 
610 1 |a труды учёных ТПУ 
610 1 |a электронный ресурс 
610 1 |a дозирование 
610 1 |a жидкости 
610 1 |a технологические процессы 
610 1 |a насосы 
700 1 |a Полосин  |b А. А.  |c специалист в области электроники  |c инженер-исследователь Томского политехнического университета  |f 1995-  |g Антон Алексеевич  |3 (RuTPU)RU\TPU\pers\41599 
701 1 |a Локтюшин  |b П. П. 
701 1 |a Ливенцов  |b С. Н.  |c специалист в области автоматического управления  |c профессор Томского политехнического университета, доктор технических наук  |f 1955-  |g Сергей Николаевич  |3 (RuTPU)RU\TPU\pers\25467  |9 11406 
712 0 2 |a Национальный исследовательский Томский политехнический университет  |c (2009- )  |9 26305 
801 2 |a RU  |b 63413507  |c 20180905  |g RCR 
856 4 |u http://earchive.tpu.ru/handle/11683/31166 
942 |c BK